Abeceda obchodu
Vnútropodnikové opatrenia pred exportnou činnosťou - platobné podmienky, dokumentárny akreditív, dokumentárne inkaso, všeobecné obchodné podmienky, komunikácia, vzťahy s verejnosťou, masová komunikácia, podpora predaja.
Salvato in:
| Autore principale: | |
|---|---|
| Natura: | Capitolo di libro |
| Lingua: | ceco |
| Soggetti: | |
| Tags: |
Nessun Tag, puoi essere il primo ad aggiungerne!!
|
MARC
| LEADER | 00000naa$a2200000$$$4500 | ||
|---|---|---|---|
| 001 | 0005864 | ||
| 005 | 20230908091053.4 | ||
| 041 | 0 | |a cze | |
| 044 | |a CZ | ||
| 245 | 1 | 0 | |a Abeceda obchodu |c Jan Bezemek |
| 520 | |a Vnútropodnikové opatrenia pred exportnou činnosťou - platobné podmienky, dokumentárny akreditív, dokumentárne inkaso, všeobecné obchodné podmienky, komunikácia, vzťahy s verejnosťou, masová komunikácia, podpora predaja. | ||
| 610 | 2 | 0 | |a vývoz |
| 610 | 2 | 0 | |a podmienky platobné |
| 610 | 2 | 0 | |a inkaso dokumentárne |
| 610 | 2 | 0 | |a podmienky obchodné |
| 610 | 2 | 0 | |a komunikácia masová |
| 100 | 1 | |a Bezemek, Jan | |